Statistics for COD Zombies EE Songs by Lyrics, Part One.

Click here to take the quiz!

General Stats

  • This quiz has been taken 7 times
  • The average score is 7 of 18

Answer Stats

LineAnswer% Correct
No one can see me and
I've lost all feeling and
I know I won't die alone
I'll stop you from breathing and
All your deceiving and
This house is not my home
115
83%
All my atrocities,
come by way of reciprocity,
I'm chewing the bones of my own reprieve.
Beauty of Annihilation
67%
Nightmare!
(Now your nightmare comes to life)
Nightmare
67%
Let's take a moment and break the ice
So my intentions are known
See, I have pity in watching you suffer
I know the feeling of being damned alone
Shepherd of Fire
67%
Where are we going from here
Where do we go
Are we all blinded by fear
Where Are We Going
67%
I can fly like a bird not in the sky,
which can always swim and can always dry.
Abracadavre
50%
In disguise in the skies
burns a fire in my eyes
and I'm holding the world in my hand
Archangel
50%
In this solemn field of silence
I can barely feel the pain.
Always Running
33%
Like a dream when I'm falling and calling out
My resistance is silent
I can feel but I still can't control myself
please forgive me
Carrion
33%
I need you!
To sacrifice the vermin martyr to!
Bring me back where I saw you die!
I will make your last words come true!
Now I know what I must do!
Coming Home
33%
You wired me awake,
And hit me with a hand of broken nails.
You tied my lead and pulled my chain,
To watch my blood begin to boil.
Rusty Cage
33%
All my life I've been debating,
All the crows they sit there waiting
The One
33%
Some people live that selfish desire
Some choose to shout when they speak and they’ll be the start
Caught in the flame of those deep in fire
Seeking out those with a voice
Carry On
17%
Life is still spinning,
Your end my beginning,
Lullaby for a Deadman
17%
Gone! Cast away in time!
Evil yours, now evil mine!
So I robbed you blind, the voices in my head suggest a less than peaceful sight,
The endless possibilities controlling 935.
Not Ready to Die
17%
I see them staring back at me
They know my name
The faces in the sky are
looking for something more
Pareidolia
17%
You can sound the alarm, you can call out your guards
You can fence in your yard, you can hold all the cards
But I won't back down
Oh no, I won't back down, oh no
Won't Back Down
17%
Xenopsylla Cheopis
MDCLXV
We used the helicase to
Bind the CXV
We All Fall Down
0%

Score Distribution

Percentile by Number Answered

Percent of People with Each Score

Your Score History

You have not taken this quiz